| 000 | 00366cam a22001217a 4500 | ||
|---|---|---|---|
| 008 | 180718b1961 xxu||||| |||| 00| 0 eng d | ||
| 082 | _aT0x4 D351 | ||
| 100 | _aLatouche, Robert | ||
| 245 |
_aBirth of western economy: economic aspects of the dark ages _cby Robert Latouche |
||
| 260 |
_aLondon _bMethuen _c1961 |
||
| 300 | _a341p. | ||
| 650 | _aEurope - Economic History | ||
| 999 |
_c370340 _d370340 |
||